Peter Norton's guide to Delphi 2 / (Record no. 134607)

MARC details
000 -LEADER
fixed length control field 00724nam a22002297a 4500
005 - DATE AND TIME OF LATEST TRANSACTION
control field 20170124110230.0
010 ## - LIBRARY OF CONGRESS CONTROL NUMBER
LC control number A-878285
020 ## - INTERNATIONAL STANDARD BOOK NUMBER
Terms of availability 295.00
International Standard Book Number 812031154
035 ## - SYSTEM CONTROL NUMBER
System control number A-878285
037 ## - SOURCE OF ACQUISITION
Source of stock number/acquisition Cen Lib/Ret
040 ## - CATALOGING SOURCE
Original cataloging agency DPL
Language of cataloging EN
082 ## - DEWEY DECIMAL CLASSIFICATION NUMBER
Classification number 001.64404
Item number MUL
100 ## - MAIN ENTRY--PERSONAL NAME
Personal name Mueller, John Paul
9 (RLIN) 41210
245 ## - TITLE STATEMENT
Title Peter Norton's guide to Delphi 2 /
Statement of responsibility, etc by John Paul Mueller
260 ## - PUBLICATION, DISTRIBUTION, ETC. (IMPRINT)
Place of publication, distribution, etc New Delhi
Name of publisher, distributor, etc Prentice-Hall of India
Date of publication, distribution, etc 1997
270 ## - ADDRESS
Address M-97, Connaught Circus
City New Delhi
Postal code 110001
300 ## - PHYSICAL DESCRIPTION
Extent xii,789p. :
Dimensions 23cm(Hb)
Other physical details ill.
500 ## - GENERAL NOTE
General note Includes index
650 ## - SUBJECT ADDED ENTRY--TOPICAL TERM
Topical term or geographic name as entry element Delphi (Computer file)
9 (RLIN) 41211
650 ## - SUBJECT ADDED ENTRY--TOPICAL TERM
Topical term or geographic name as entry element Computer software--Development
9 (RLIN) 37160
942 ## - ADDED ENTRY ELEMENTS (KOHA)
Source of classification or shelving scheme Dewey Decimal Classification
Koha item type English Books
Classification part 001.64404
Call number suffix MUL
Holdings
Withdrawn status Lost status Damaged status Not for loan Home library Current library Date acquired Source of acquisition Cost, normal purchase price Total Checkouts Full call number Barcode Date last seen Copy number Cost, replacement price Price effective from Koha item type
        Central Library Central Library 30/07/2015 Cen Lib/Ret 295.00   001.64404 MUL A-878285 30/07/2015 1 295.00 30/07/2015 English Books

© Delhi Public Library
Hit Counter
free hit counter